Los perros no ladraron

Đã lưu trong:
Chi tiết về thư mục
Tác giả chính: Naranjo, Carmen
Định dạng: Sách
Ngôn ngữ:Undetermined
Được phát hành: San José, Costa Rica Editorial Costa Rica 1978
Phiên bản:Primera edición
Những chủ đề:
Các nhãn: Thêm thẻ
Không có thẻ, Là người đầu tiên thẻ bản ghi này!

MARC

LEADER 00000nam a2200000Ia 4500
008 170316s9999 xx 000 0 und d
040 |a cru BVZT 
090 |a 868 N-1p 
100 |a Naranjo, Carmen  |9 2383 
245 |a Los perros no ladraron  |c / Carmen Naranjo 
250 |a Primera edición 
260 |a San José, Costa Rica 
260 |b Editorial Costa Rica 
260 |c 1978 
300 |a 208 páginas 
650 |a LITERATURA COSTARRICENSE  |9 17 
942 |c 15 D  |h 868 N-1p  |2 z  |6 868_N1P 
999 |c 11364  |d 11364